00929nam a2200253 a 450000100060000000300080000600500170001400800410003102000150007203500190008704000270010604100080013308200280014124501110016926000380028030000320031865100410035065100450039170000280043671000520046494200120051699900170052895201300054544903BD-RjUL20211209053932.0160721s2000 bg b 000 0 eng  a9840515403 a(BD-RjUL)45021 aDLCcDLCbengdBD-RjUL aeng 223a330.95492bTRE 200000aTrends in the post-flood economy :ba review of Bangladesh's development, 1998-99 /ceditor, Rehman Sobhan aDhaka :bUniversity Press,c2000. aix, 97 p. :bill. ;c25 cm. 0aBangladeshxEconomic policy.9137598 0aBangladeshxEconomic conditions.91375991 aSobhan, Rehman.91376002 aCentre for Policy Dialogue (Bangladesh)9137601 2ddccBK c44903d44903 00102ddc40718NFICaRUCLbRUCLcReadingd0000-00-00eGiftl0o330.95492 TRE 2000r2016-07-21 00:00:00tC-1w2021-12-09yBK